| 000 | 00587nam a2200181Ia 4500 | ||
|---|---|---|---|
| 008 | 090630s9999 xx 000 0 und d | ||
| 082 | _b5123 | ||
| 100 | _aखरे सुरेश. | ||
| 245 |
_aकाचेचा चंद्र. _cखरे सुरेश. |
||
| 260 |
_bजोशी ब्रदर्स - पुणे. _c1972 |
||
| 300 | _a88 | ||
| 600 | _aखरे सुरेश. | ||
| 630 | _aकाचेचा चंद्र. | ||
| 655 | _aनाटक. | ||
| 700 | _aखरे सुरेश. | ||
| 730 | _aकाचेचा चंद्र. | ||
| 942 | _cBOOK | ||
| 999 |
_c256979 _d256979 |
||